<?xml version="1.0" encoding="UTF-8"?>
<resp>
  <nextPage>https://data.bn.org.pl/api/networks/bibs.marcxml?marc=001+b1000002687091&amp;sinceId=1000002687092</nextPage>
  <collection>
    <record xmlns='http://www.loc.gov/MARC21/slim'><leader>01751nam a2200529 i 4500</leader><controlfield tag='001'>b1000002687091</controlfield><controlfield tag='005'>20250831055908.6</controlfield><controlfield tag='008'>221021s2011    gw     g     |000 f ger c</controlfield><controlfield tag='009'>9912847180605606</controlfield><datafield ind1=' ' ind2=' ' tag='020'><subfield code='a'>9783518462751</subfield></datafield><datafield ind1=' ' ind2=' ' tag='035'><subfield code='a'>(PL)b1000002687091</subfield></datafield><datafield ind1=' ' ind2=' ' tag='040'><subfield code='a'>KR U</subfield><subfield code='c'>KR U</subfield><subfield code='d'>KR U</subfield></datafield><datafield ind1=' ' ind2=' ' tag='046'><subfield code='a'>2010</subfield></datafield><datafield ind1='1' ind2=' ' tag='100'><subfield code='a'>Wolf, Christa</subfield><subfield code='d'>(1929-2011)</subfield><subfield code='e'>Autor</subfield></datafield><datafield ind1='1' ind2='0' tag='245'><subfield code='a'>Stadt der Engel oder The overcoat of Dr. Freud /</subfield><subfield code='c'>Christa Wolf.</subfield></datafield><datafield ind1='3' ind2='0' tag='246'><subfield code='a'>Overcoat of Dr. Freud</subfield></datafield><datafield ind1=' ' ind2=' ' tag='250'><subfield code='a'>5. Auflage.</subfield></datafield><datafield ind1=' ' ind2=' ' tag='260'><subfield code='a'>Berlin :</subfield><subfield code='b'>Suhrkamp Verlag,</subfield><subfield code='c'>© 2012.</subfield></datafield><datafield ind1=' ' ind2=' ' tag='300'><subfield code='a'>414, [2] strony ;</subfield><subfield code='c'>19 cm.</subfield></datafield><datafield ind1=' ' ind2=' ' tag='336'><subfield code='a'>Tekst</subfield><subfield code='b'>txt</subfield><subfield code='2'>rdacontent</subfield></datafield><datafield ind1=' ' ind2=' ' tag='337'><subfield code='a'>Bez urządzenia pośredniczącego</subfield><subfield code='b'>n</subfield><subfield code='2'>rdamedia</subfield></datafield><datafield ind1=' ' ind2=' ' tag='338'><subfield code='a'>Wolumin</subfield><subfield code='b'>nc</subfield><subfield code='2'>rdacarrier</subfield></datafield><datafield ind1=' ' ind2=' ' tag='380'><subfield code='a'>Książki</subfield></datafield><datafield ind1=' ' ind2=' ' tag='380'><subfield code='a'>Proza</subfield></datafield><datafield ind1=' ' ind2=' ' tag='386'><subfield code='m'>Przynależność kulturowa</subfield><subfield code='a'>Literatura niemiecka</subfield></datafield><datafield ind1='1' ind2=' ' tag='388'><subfield code='a'>2001-</subfield></datafield><datafield ind1='1' ind2=' ' tag='490'><subfield code='a'>Suhrkamp Taschenbuch,</subfield><subfield code='x'>0930-9721 ;</subfield><subfield code='v'>4275</subfield></datafield><datafield ind1=' ' ind2='7' tag='650'><subfield code='a'>Kobieta</subfield><subfield code='2'>DBN</subfield></datafield><datafield ind1=' ' ind2='7' tag='651'><subfield code='a'>Los Angeles (Stany Zjednoczone, stan Kalifornia)</subfield><subfield code='2'>DBN</subfield></datafield><datafield ind1=' ' ind2='7' tag='655'><subfield code='a'>Powieść psychologiczna</subfield><subfield code='2'>DBN</subfield></datafield><datafield ind1='2' ind2=' ' tag='710'><subfield code='a'>Suhrkamp-Verlag</subfield><subfield code='e'>Wydawca</subfield><subfield code='4'>pbl</subfield></datafield><datafield ind1=' ' ind2='0' tag='830'><subfield code='a'>Suhrkamp Taschenbuch</subfield><subfield code='x'>0930-9721</subfield><subfield code='v'>4275</subfield></datafield><datafield ind1=' ' ind2=' ' tag='852'><subfield code='8'>22603176940005067</subfield><subfield code='j'>1</subfield><subfield code='h'>B 888049 I</subfield><subfield code='b'>BJ</subfield><subfield code='p'>1003133958</subfield><subfield code='c'>BJ_MAG</subfield></datafield><datafield ind1=' ' ind2=' ' tag='852'><subfield code='b'>48OMNIS_UJA</subfield><subfield code='8'>991016826715705067</subfield></datafield><datafield ind1=' ' ind2=' ' tag='852'><subfield code='b'>48OMNIS_NETWORK</subfield><subfield code='8'>9912847180605606</subfield></datafield><datafield ind1=' ' ind2=' ' tag='920'><subfield code='a'>978-3-518-46275-1 (oprawa miekka)</subfield></datafield></record>
  </collection>
</resp>
